| 000 | 00768nam a22001577a 4500 | ||
|---|---|---|---|
| 008 | 111212t xxu||||| |||| 00| 0 eng d | ||
| 020 | _a0262522713 9780262522717 | ||
| 050 | _aHB172.5.B45 | ||
| 245 |
_aNBER macroeconomics annual 1999 / _cEdited by Ben S. Bernanke and Julio J. Rotemberg |
||
| 260 |
_aCambridge (Mass.) ; London : _b MIT Press, _c 2000. |
||
| 300 |
_a387 p. ; _c 23 cm. |
||
| 505 | _aContents: Liquidity crises in emerging markets: Theory and policy -- Discussion -- The IMF approach to economic stabilization -- Discussion -- Stock prices and fundamentals -- Comments -- Discussion -- Labor- marlet policies in an equilibrim search model -- Comments -- Discussion. | ||
| 650 | _aMacroeconomics. | ||
| 700 | _aJulio J. Rotemberg. | ||
| 942 |
_2lcc _cBK |
||
| 999 |
_c361 _d7861 |
||